000 00413nam a2200169Ia 4500
001 16352
005 20260306170303.0
008 260306t9999||||xx |||||||||||||| ||und||
041 _aESP
082 _a348.53
_bF74A
100 _aFonseca Tapia, César Augusto
_eAUT
245 0 _aDerecho ambiental - Adenda
300 _a60 páginas :
_c20 cm.
650 _aGEN
654 _aCDE
942 _cLIB
_dJUS
_fJUS
_2ddc
_n
999 _c16352
_d16352